| 000 | 00924cam a22003134a 4500 | ||
|---|---|---|---|
| 001 | 16213401 | ||
| 005 | 20180215090302.0 | ||
| 008 | 100429s2012 maua b 001 0 eng | ||
| 010 | _a 2010018354 | ||
| 016 | 7 |
_a101529914 _2DNLM |
|
| 020 | _a9780763791223 (pbk.) | ||
| 020 | _a0763791229 (pbk.) | ||
| 035 | _a(OCoLC)ocn612188759 | ||
| 040 |
_aDNLM/DLC _cDLC _dYDX _dNLM _dYDXCP _dBWX _dDLC |
||
| 041 | _aeng | ||
| 042 | _apcc | ||
| 043 | _an-us--- | ||
| 060 | 0 | 0 | _a2011 H-120 |
| 060 | 1 | 0 |
_aWY 18.5 _bT329c 2012 |
| 080 | _a610.730711 TER | ||
| 082 | 0 | 0 |
_a610.730711 TER _222 |
| 100 | 1 | _a2 | |
| 101 | _aINF | ||
| 245 | 1 | 0 |
_aClinical research for the doctor of nursing practice / _cAllison J. Terry. |
| 504 | _aIncludes bibliographical references and index. | ||
| 906 |
_a7 _bcbc _corignew _d1 _eecip _f20 _gy-gencatlg |
||
| 942 |
_2ddc _cBK |
||
| 999 |
_c42692 _d42692 |
||